Fluid mechanics . (Record no. 5526)

MARC details
000 -LEADER
fixed length control field 00588nam a22002177a 4500
003 - CONTROL NUMBER IDENTIFIER
control field OSt
005 - DATE AND TIME OF LATEST TRANSACTION
control field 20170213135203.0
008 - FIXED-LENGTH DATA ELEMENTS--GENERAL INFORMATION
fixed length control field 160425b xxu||||| |||| 00| 0 eng d
020 ## - INTERNATIONAL STANDARD BOOK NUMBER
International Standard Book Number 0582239885
040 ## - CATALOGING SOURCE
Transcribing agency DDC.
082 ## - DEWEY DECIMAL CLASSIFICATION NUMBER
Classification number 532
Item number DOU 1996
100 ## - MAIN ENTRY--PERSONAL NAME
Personal name Douglas, J. F;Matthews,R.D;
9 (RLIN) 8184
245 ## - TITLE STATEMENT
Title Fluid mechanics .
Statement of responsibility, etc. J. F Douglas, R. D Matthews
250 ## - EDITION STATEMENT
Edition statement 3rd.ed. Vol.2
260 ## - PUBLICATION, DISTRIBUTION, ETC. (IMPRINT)
Place of publication, distribution, etc. Harlow
Name of publisher, distributor, etc. Prentice Hall
Date of publication, distribution, etc. 1996
300 ## - PHYSICAL DESCRIPTION
Extent viii, 289p;
Other physical details ill :
Dimensions 26 cm
504 ## - BIBLIOGRAPHY, ETC. NOTE
Bibliography, etc Includes index
651 ## - SUBJECT ADDED ENTRY--GEOGRAPHIC NAME
Geographic name mechanics
9 (RLIN) 8185
700 ## - ADDED ENTRY--PERSONAL NAME
Personal name Matthews, R. D
9 (RLIN) 8186
942 ## - ADDED ENTRY ELEMENTS (KOHA)
Source of classification or shelving scheme Dewey Decimal Classification
Koha item type Open Shelf
Holdings
Withdrawn status Lost status Source of classification or shelving scheme Damaged status Not for loan Home library Current library Date acquired Source of acquisition Inventory number Total Checkouts Full call number Barcode Date last seen Price effective from Koha item type
    Dewey Decimal Classification     MUST Main Library MUST Main Library 13/02/2017   03/19379   532 DOU 1996 2017-0161 13/02/2017 13/02/2017 Open Shelf
    Dewey Decimal Classification     MUST Main Library MUST Main Library 28/03/2017   04/22888   532 DOU 1996 2017-0658 28/03/2017 28/03/2017 Open Shelf
    Dewey Decimal Classification     MUST Main Library MUST Main Library 28/03/2017   03/19377   532 DOU 1996 2017-0659 28/03/2017 28/03/2017 Open Shelf